What sound does a color make? / (Record no. 622)

MARC details
000 -LEADER
fixed length control field 00881cam a22002294a 4500
005 - DATE AND TIME OF LATEST TRANSACTION
control field 20260322212027.0
008 - FIXED-LENGTH DATA ELEMENTS--GENERAL INFORMATION
fixed length control field data
010 ## - LIBRARY OF CONGRESS CONTROL NUMBER
LC control number 2005925939
020 ## - INTERNATIONAL STANDARD BOOK NUMBER
International Standard Book Number 0916365719
020 ## - INTERNATIONAL STANDARD BOOK NUMBER
International Standard Book Number 9780916365714
040 ## - CATALOGING SOURCE
Original cataloging agency DLC
Transcribing agency DLC
Modifying agency DLC
050 00 - LIBRARY OF CONGRESS CALL NUMBER
Classification number N7433.8
Item number .F67 2005
092 ## - LOCALLY ASSIGNED DEWEY CALL NUMBER (OCLC)
Classification number 709.04 F67 2005
001 - CONTROL NUMBER
control field data
100 1# - MAIN ENTRY--PERSONAL NAME
Personal name Forde, Kathleen
Fuller form of name (Kathleen E.)
245 10 - TITLE STATEMENT
Title What sound does a color make? /
Statement of responsibility, etc. Kathleen Forde.
260 ## - PUBLICATION, DISTRIBUTION, ETC.
Place of publication, distribution, etc. New York :
Name of publisher, distributor, etc. Independent Curators International,
Date of publication, distribution, etc. c2005.
300 ## - PHYSICAL DESCRIPTION
Extent 54 p. :
Other physical details ill. (chiefly col.) ;
Dimensions 22 cm.
500 ## - GENERAL NOTE
General note Catalog of a traveling exhibition held in Eyebeam Center for Art and Technology, New York, in Wood Street Galleries, Pittsburgh Cultural Trust, Pittsburgh, and in Center for Art and Visual Culture, University of Maryland, Baltimore, in 2005/2006.
650 #0 - SUBJECT ADDED ENTRY--TOPICAL TERM
Topical term or geographic name entry element Digital art
Form subdivision Exhibitions.
650 #0 - SUBJECT ADDED ENTRY--TOPICAL TERM
Topical term or geographic name entry element Video art
Form subdivision Exhibitions.
Holdings
Withdrawn status Lost status Damaged status Not for loan Home library Current library Shelving location Date acquired Total checkouts Full call number Barcode Date last seen Price effective from Koha item type
        Centerville Centerville General stacks 22/03/2026   N7433.8 .F67 2005 BC0010639 22/03/2026 22/03/2026 Books